| 000 | 00000nam##2200000za#4500 |
| 001 | 9.694927 |
| 003 | CaOODSP |
| 005 | 20210624234337 |
| 007 | cr ||||||||||| |
| 008 | 150407|2008||||xxc|||||o f|0| 0 eng|d |
| 040 | |aCaOODSP|beng |
| 043 | |an-cn--- |
| 086 | 1 |aH34-177/2008E-PDF |
| 110 | 1 |aCanada. |bHealth Canada. |
| 245 | 10|aEnvironmental public health in First Nations Communities : |h[electronic resource]|ba career that makes a difference! |
| 260 | |aOttawa - Ontario : |bHealth Canada |cc2008. |
| 300 | |a1p.|bphotographs |
| 500 | |aIncorrect catalogue number (H34-177/2008E) and ISBN (978-0-46331-3) copied in this PDF edition. |
| 590 | |a12-29-Supp|b2012-06-25 |
| 690 | 07|aOccupations|2gcpds |
| 690 | 07|aIndigenous peoples|2gcpds |
| 775 | 08|tSanté environnementale et publique dans des communautés des Premières nations : |w(CaOODSP)9.639094 |
| 776 | 0#|tEnvironmental public health in First Nations Communities : |w(CaOODSP)9.670575 |
| 776 | 0#|tSanté environnementale et publique dans des communautés des Premières nations : |w(CaOODSP)9.670576 |
| 856 | 40|ahttp://publications.gc.ca|qPDF|s198 KB|uhttps://publications.gc.ca/collections/collection_2011/sc-hc/H34-177-2008-eng.pdf |
| 986 | |aHC Pub.: 3487 |